Effect of Estrogen on Pituitary Blood Flow in Rats

Bibliographic Details
Main Authors: Csernay, I. (Author), Kovács, K. (Author), Tiboldi, T. (Author), Nemessányi, Z. (Author)
Format: Article
Language:English

MARC

LEADER 00000nab a2200000uu 4500
001 vtls010897292
003 SK-MaSNL
005 20260303140434.0
008 230218|1967 xo |||||||||||||||||eng|
015 |a SNBRB 
035 |a (urnnbn)urn:nbn:sk:snk:ar-006mq6 
035 |a (uuid)13cbb4da-5a1c-4c27-9c22-4bd1a033d2ef 
035 |a urn:nbn:sk:snk-ab8pqz 
040 |a SNKBUCL  |b slo  |c SNKBUCL  |e AACR2 
041 0 |a eng 
044 |a xo  |c SK 
100 1 |a Csernay, I.  |4 aut  |9 1158706 
245 1 0 |a Effect of Estrogen on Pituitary Blood Flow in Rats  |c I. Csernay, K. Kovács, T. Tiboldi, Z. Nemessányi 
700 1 |a Kovács, K.  |4 aut  |9 779675 
700 1 |a Tiboldi, T.  |4 aut  |9 1158707 
700 1 |a Nemessányi, Z.  |4 aut  |9 1158708 
773 0 |t Endocrinologia experimentalis  |g Roč. 1, č. 2 (1967), s. 73-77 
958 |a OND 
958 |a EUIPO 
958 |a article10 
999 |c 1971801  |d 1973731